| 000 | 00876cam a2200229 4500 | ||
|---|---|---|---|
| 001 | WB3836-01 | ||
| 008 | 021001n2002 000 0 eng u | ||
| 035 | _a(Sirsi) u119944 | ||
| 245 | _aBuilding trust in construction | ||
| 260 | _c2002 | ||
| 490 |
_aRICS Foundation News Release _v 19 September 2002, (2) |
||
| 520 | _aAn RICS Foundation report has found that the construction industry does not believe that contracts that promote teamwork, mutual trust and co-operation are feasible, in an apparent rejection of the government policy based on the Latham report. | ||
| 590 | _aWB | ||
| 650 |
_aContracts _96232 |
||
| 650 | _aLATHAM REFORMS | ||
| 650 | _aCONSTRUCTION INDUSTRY | ||
| 650 | _aCONSTRUCTION PROFESSIONALS | ||
| 650 | _aSURVEYS | ||
| 690 | _aBUILT ENVIRONMENT | ||
| 856 | _ahttp://www.rics-foundation.org/news/pressrelease.aspx?pid=58 | ||
| 942 | _n0 | ||
| 999 |
_c71265 _d71265 |
||